| 000 | 00448nam a22001457a 4500 | ||
|---|---|---|---|
| 005 | 20151207153412.0 | ||
| 008 | 151207b xxu||||| |||| 00| 0 eng d | ||
| 040 | _cPK-LaUMT | ||
| 082 |
_aMSC 491.43903 _bSUH-U |
||
| 100 | _aسہیل عباس بلوچ | ||
| 245 |
_aاردو شاعری میں اصلاح سخن کی روایت _cسہیل عباس بلوچ |
||
| 260 |
_aلاہور _bمجلس ترقی ادب _c2008 |
||
| 300 | _a542 ص | ||
| 942 | _cBK | ||
| 999 |
_c80663 _d80663 |
||